| 000 | 02247nam a22002297a 4500 | ||
|---|---|---|---|
| 005 | 20231213132057.0 | ||
| 008 | 231213b ||||| |||| 00| 0 eng d | ||
| 020 | _a9788170337362 | ||
| 040 | _cAL | ||
| 041 | _aEnglish | ||
| 082 |
_223 _a361.3 _bDESI |
||
| 100 |
_aMurli Desai _9145802 |
||
| 245 | _aIdeologies and Social Work: Historical and Contemporary Analyses | ||
| 260 |
_aJaipur _bRawat Publications _c2020 |
||
| 300 |
_a235 p. _bHB _c22.5x14 cm. |
||
| 365 |
_a6672 _b₹716.00 _c₹ _d₹895.00 _e20% _f11-12-2023 |
||
| 520 | _aThis book on Ideologies and Social Work: Historical and Contemporary Analyses is an attempt to add the much needed literature on the core social work subject of history and philosophy of social work. Social work education requires knowledge-as-action, knowledge that is contextualised culturally and historically and is shaped by the interaction between students and teachers. This course aims at introducing the students to a critical inquiry into the history of ideologies for social change and professional social work. It is the history of ideologies that helps us understand the roots of the contemporary reality, including the roots of social work profession. The social work approaches also can be understood better with reference to the ideologies that influence them. Besides the introductory chapter on conceptual framework and curriculum planning, the book is divided into six curriculum modules. These modules are arranged to undertake a critical inquiry into the Western history of ideologies before the Indian history of ideologies, as the former has influenced the latter since the modern age. Similarly, the history of ideologies of social change is examined before the history of ideologies of social work profession as the latter developed in the context of the former. The contemporary ideologies for social change and social work are then discussed in the context of globalisation. The methodology of education that is suggested aims at exploring and understanding one’s own set of beliefs, based on one’s socialisation. | ||
| 650 |
_aSocial work education--India _9145803 |
||
| 650 |
_a Social Problems and Services _9145804 |
||
| 700 |
_aDESAI (Murli) _9145805 |
||
| 942 |
_2ddc _cBK |
||
| 999 |
_c229492 _d229492 |
||